| 000 | 00343nam a22001457a 4500 | ||
|---|---|---|---|
| 003 | OSt | ||
| 005 | 20211224152248.0 | ||
| 008 | 211224b |||||||| |||| 00| 0 eng d | ||
| 020 | _a0070583714 | ||
| 040 | _cHU | ||
| 082 | _a005.1 | ||
| 100 |
_aJawadekar _925021 |
||
| 245 | _aSoftware Engineering Principles & Practice | ||
| 942 |
_2ddc _cBOOKS _n0 |
||
| 999 |
_c24052 _d24052 |
||